000 00682nam a2200289Ia 4500
005 20260324111438.0
008 008 260324s9999 xx 000 0 eng d
020 _a9781003661795
037 _aEBOOK
040 _aCRL
040 _beng
040 _cCRL
041 _2eng
041 _aeng
084 _qCRL
100 _aRussell D. Lansbury; Marian Baird
_91138589
245 0 _aRetiring in a New Age
245 0 _bLife after Paid Work
260 _bTaylor and Francis
260 _c2025
365 _a
365 _b83.99
856 _uhttp://www.taylorfrancis.com/books/9781003661795
942 _cEBOOK
999 _c1727415
_d1727415